LEADER 01342nlm 2200277Ia 450 001 996471470203316 005 20220519094403.0 010 $a0-674-03223-3 100 $a20051031d2006---- uy 0 101 0 $aeng 102 $aUS 135 $adrcnu 200 1 $aFor prophet and tsar$eIslam and empire in Russia and Central Asia$fRobert D. Crews 210 1 $aCambridge$aLondon$cHarvard University Press$d2006 215 $aTesto elettronico (PDF) (VIII, 463 p. )$cill. 230 $aBase dati testuale 330 $aLa Russia occupa una posizione unica nel mondo musulmano. A differenza di qualsiasi altro stato non islamico, ha governato popolazioni musulmane per oltre cinquecento anni. Sebbene la Russia di oggi sia afflitta dalla sua guerra incessante in Cecenia, l'approccio della Russia all'Islam ha prodotto stabilità. In netto contrasto con la popolare teoria dello "scontro di civiltà" che vede l'Islam inevitabilmente in conflitto con l'Occidente, Robert D. Crews rivela i modi straordinari in cui la Russia ha costruito un impero con un ampio sostegno musulmano. 606 0 $aIslamismo$yRussia$2BNCF 676 $a322.10947 700 1$aCREWS,$bRobert D.$0696997 801 0$aIT$bcba$cREICAT 912 $a996471470203316 959 $aEB 969 $aER 996 $aFor prophet and tsar$91376716 997 $aUNISA LEADER 01602oam 2200421zu 450 001 9910375980403321 005 20210807001929.0 035 $a(CKB)3170000000001340 035 $a(SSID)ssj0000779402 035 $a(PQKBManifestationID)12276972 035 $a(PQKBTitleCode)TC0000779402 035 $a(PQKBWorkID)10769564 035 $a(PQKB)10667121 035 $a(Association for Computing Machinery)10.1145/96709 035 $a(EXLCZ)993170000000001340 100 $a20160829d1990 uy 101 0 $aeng 135 $aurnn|008mam|a 181 $ctxt 182 $cc 183 $acr 200 00$aSeventeenth Annual Symposium on Principles of Programming Languages: Conference Record, Held January 17-19, 1990, in San Francisco, California U.S.A 210 31$a[Place of publication not identified]$cAssociation for Computing Machinery$d1990 215 $a1 online resource (401 p.;) 225 1 $aACM Conferences 300 $aBibliographic Level Mode of Issuance: Monograph 311 $a0-89791-343-4 410 0$aACM Conferences 517 3 $aPOPL '90 606 $aInformation Technology$xComputer Science (Hardware & Networks) 615 4$aInformation Technology$xComputer Science (Hardware & Networks) 700 $aAllen$b Frances E$0746345 712 02$aAssociation for Computing Machinery-Digital Library. 801 0$bPQKB 906 $aBOOK 912 $a9910375980403321 996 $aSeventeenth Annual Symposium on Principles of Programming Languages: Conference Record, Held January 17-19, 1990, in San Francisco, California U.S.A$92138778 997 $aUNINA